• 首页
  • 本馆介绍
  • 公告通知
  • 最新文献
  • 馆藏检索
  • 电子资源
  • 读者导购
  • 参考咨询
  • 我的图书馆
  • 登录
  • 详细信息显示
  • 放入我的书架
  • 预约/预借图书
  • 作者相关作品
  • 分类相关作品
  • 丛书相关作品
  • 出版社相关作品

书目信息

  • 表格格式
  • 工作单格式
  • 卡片格式
题名:
草莓病虫害监测与绿色防控
    
 
作者: 王华弟 , 戴德江 主编
分册:  
出版信息: 北京   中国农业科学技术出版社  2020.5
页数: 268页
开本: 24cm
丛书名:
单 册:
中图分类: S436.68
科图分类:
主题词: 草莓--病虫害防治
电子资源:
ISBN: 978-7-5116-2371-3
000 00950nam0 2200241 45
001 012001002894
005 20141010111421.0
010    @a978-7-5116-2371-3@dCNY86.00
100    @a20200615d2020 em y0chiy50 ea
101 0  @achi
102    @aCN@b110000
105    @aab z 000yy
106    @ar
200 1  @a草莓病虫害监测与绿色防控@Acao mei bing chong hai jian ce yu lv se fang kong@b专著@f王华弟, 戴德江主编
210    @a北京@c中国农业科学技术出版社@d2020.5
215    @a268页@c彩图,彩照,地图@d24cm
330    @a本书总结了草莓病虫害监测与绿色防控长期实践经验,重点介绍草莓白粉病、灰霉病、炭疽病等30种主要病虫害的特征、生物学特性、发生规律、影响因子、监测预报方法和绿色防控技术,并附有草莓生产技术规范、草莓枯萎病菌等检疫鉴定技术规程等。
606 0  @a草莓@x病虫害防治
690    @aS436.68@v5
701  0 @a王华弟@Awang hua di@4主编
701  0 @a戴德江@Adai de jiang@4主编
801  2 @aCN@bBJSDL@c20211018
905    @b1350732-5@dS436.68@e222@f4
    
    草莓病虫害监测与绿色防控/王华弟, 戴德江主编.-北京:中国农业科学技术出版社,2020.5
    268页:彩图,彩照,地图;24cm
    
    
    ISBN 978-7-5116-2371-3:CNY86.00
    本书总结了草莓病虫害监测与绿色防控长期实践经验,重点介绍草莓白粉病、灰霉病、炭疽病等30种主要病虫害的特征、生物学特性、发生规律、影响因子、监测预报方法和绿色防控技术,并附有草莓生产技术规范、草莓枯萎病菌等检疫鉴定技术规程等。
●
相关链接 在E读中查询图书 在五车中查询图书 在当当中查询图书 在豆瓣中查询图书


正题名:草莓病虫害监测与绿色防控     索取号:S436.68/222         预约/预借

序号 登录号 条形码 馆藏地/架位号 状态 备注
1 1350732   213507329   第二样本阅览室/ [索取号:S436.68/222] 在馆    
2 1350733   213507338   第三借阅区/ [索取号:S436.68/222] 在馆    
3 1350734   213507347   第三借阅区/ [索取号:S436.68/222] 在馆    
4 1350735   213507356   第三借阅区/ [索取号:S436.68/222] 在馆    
唐山师范学院图书馆 欢迎您!
大连网信软件有限公司© 版权所有